000 00421 a2200157 4500
005 20250530160124.0
020 _a1 85805 190 8
082 _a657.48 BEN
100 _aBENDREY, M.
245 _aAccounting and Finance in Business.
250 _a4th Ed
260 _aLondon,
_bLetts Educational,
_c1997.
300 _av, 633p.: ill.; table
_bIndex
_c24cm.
700 _aHUSSEY, R & WEST, C. & HUSSEY, J.
942 _2ddc
_cBKS
999 _c2903
_d2903